Policing the largest democracy / (Record no. 134399)

MARC details
000 -LEADER
fixed length control field 00750nam a22002297a 4500
005 - DATE AND TIME OF LATEST TRANSACTION
control field 20170124110225.0
010 ## - LIBRARY OF CONGRESS CONTROL NUMBER
LC control number A-895514
020 ## - INTERNATIONAL STANDARD BOOK NUMBER
Terms of availability 400.00
International Standard Book Number 8170249791
035 ## - SYSTEM CONTROL NUMBER
System control number A-895514
037 ## - SOURCE OF ACQUISITION
Source of stock number/acquisition Cen Lib/Ret
040 ## - CATALOGING SOURCE
Original cataloging agency DPL
Language of cataloging EN
082 ## - DEWEY DECIMAL CLASSIFICATION NUMBER
Classification number 321.8
Item number VAD
100 ## - MAIN ENTRY--PERSONAL NAME
Personal name Vadackumchery, James
9 (RLIN) 40612
245 ## - TITLE STATEMENT
Statement of responsibility, etc by James Vadackumchery
Title Policing the largest democracy /
260 ## - PUBLICATION, DISTRIBUTION, ETC. (IMPRINT)
Place of publication, distribution, etc New Delhi
Name of publisher, distributor, etc APH Publishing Corporation
Date of publication, distribution, etc 1998
270 ## - ADDRESS
Address 5, ansari road
City New Delhi
Postal code 110002
300 ## - PHYSICAL DESCRIPTION
Extent xxv, 215p.
Dimensions 21cm(Hb)
500 ## - GENERAL NOTE
General note Includes bibliographical references and index
650 ## - SUBJECT ADDED ENTRY--TOPICAL TERM
Topical term or geographic name as entry element Police administration
Geographic subdivision
General subdivision Public opinion
9 (RLIN) 40613
650 ## - SUBJECT ADDED ENTRY--TOPICAL TERM
Topical term or geographic name as entry element Police
General subdivision Public opinion
9 (RLIN) 40614
942 ## - ADDED ENTRY ELEMENTS (KOHA)
Source of classification or shelving scheme Dewey Decimal Classification
Koha item type English Books
Classification part 321.8
Call number suffix VAD
Holdings
Withdrawn status Lost status Damaged status Not for loan Collection code Home library Current library Date acquired Source of acquisition Cost, normal purchase price Total Checkouts Full call number Barcode Date last seen Copy number Cost, replacement price Price effective from Koha item type
      Not For Loan Reference Central Library Central Library 29/07/2015 Cen Lib/Ret 400.00   321.8 VAD A-895514 29/07/2015 1 400.00 29/07/2015 English Books

© Delhi Public Library
Hit Counter
free hit counter